000
00321 a2200145 4500
001
50477
020
_a
8574882097
040
_c
Anchieta - Bela Vista
240
1
0
_a
Clássicos para sonhar
_l
por
245
1
0
_a
Clássicos para sonhar
300
_a
119
440
1
_a
Girassol
650
4
_a
Literatura infantil
942
_c
BK
999
_c
50477
_d
50477